[Event "Zone 4.3 Championships 2013"]
[Site "Oasis Motel, Gaborone"]
[Date "2013.05.01"]
[Round "1"]
[Board "3"]
[White "Makoto, Rodwell"]
[Black "Olebile, Thato"]
[Result "1-0"]
[WhiteElo "2302"]
[BlackElo "2046"]
[PlyCount "124"]
[EventDate "2013.05.01"]
[EventRounds "9"]
[EventCountry "BOT"]

1. Nf3 Nf6 2. c4 c6 3. g3 d5 4. Bg2 e6 5. O-O Be7 6. d4 O-O 7. Qc2 Nbd7 8. Rd1
Re8 9. Nbd2 Nf8 10. e4 dxe4 11. Nxe4 Nxe4 12. Qxe4 Qa5 13. c5 Nd7 14. Bd2 Qd8
15. b4 Nf6 16. Qc2 Nd5 17. a4 a6 18. Qb3 Bf6 19. b5 axb5 20. axb5 Rxa1 21. Rxa1
cxb5 22. Qxb5 Qd7 23. Bf1 Nc7 24. Qd3 Nd5 25. Qb3 Ne7 26. Bf4 Nc6 27. Bb5 Qd5
28. Qd3 Bd7 29. Bc4 Qh5 30. Bd6 Nb4 31. Qb3 Bc6 32. Ra3 Nc2 33. Qxc2 Bxf3 34.
Qd3 Bc6 35. Bb5 Qd5 36. Bxc6 bxc6 37. Ra4 e5 38. Qf5 exd4 39. Qxd5 cxd5 40. Ra2
g6 41. c6 Be7 42. Be5 Rc8 43. Ra6 d3 44. Kf1 f6 45. Bc3 Kf7 46. Ke1 d4 47. Bxd4
Bb4+ 48. Kd1 Ke6 49. Rb6 Ba5 50. Ra6 Bb4 51. c7+ Kd5 52. Bb6 Re8 53. Be3 Rc8
54. Bf4 Re8 55. Bd2 Bd6 56. Ba5 Rc8 57. Kd2 f5 58. Ra7 Kc6 59. Ra6+ Kd5 60. Bb6
Kc4 61. Ra7 Bb4+ 62. Kd1 Re8 1-0

[Event "Zone 4.3 Championships 2013"]
[Site "Oasis Motel, Gaborone"]
[Date "2013.05.01"]
[Round "1"]
[Board "5"]
[White "Njobvu, Ignatius"]
[Black "Tangani, Goabaone"]
[Result "0-1"]
[WhiteElo "2226"]
[BlackElo "1985"]
[PlyCount "70"]
[EventDate "2013.05.01"]
[EventRounds "9"]
[EventCountry "BOT"]

1. Nf3 Nf6 2. c4 g6 3. g3 Bg7 4. Bg2 O-O 5. O-O d6 6. d4 Nbd7 7. Qc2 c6 8. Rd1
Qa5 9. Bd2 Qc7 10. Nc3 e5 11. Rac1 Re8 12. d5 Nc5 13. Be3 Bf5 14. Qd2 Nce4 15.
Nxe4 Nxe4 16. Qe1 Nf6 17. h3 c5 18. a3 Bd7 19. Nd2 Nh5 20. g4 Nf4 21. Bf1 f5
22. f3 Rf8 23. Rb1 Rae8 24. Qh4 fxg4 25. hxg4 b5 26. b3 bxc4 27. bxc4 Rb8 28.
Ne4 Ba4 29. Rdc1 Rxb1 30. Rxb1 Bc2 31. Rb5 a6 32. Rb2 Bxe4 33. fxe4 Bf6 34. g5
Bg7 35. Bh3 Qa5 0-1

[Event "Zone 4.3 Championships 2013"]
[Site "Oasis Motel, Gaborone"]
[Date "2013.05.01"]
[Round "1"]
[Board "8"]
[White "Gumpo, Thabo"]
[Black "Chaka, Jona"]
[Result "1/2-1/2"]
[WhiteElo "1999"]
[BlackElo "2156"]
[PlyCount "68"]
[EventDate "2013.05.01"]
[EventRounds "9"]
[EventCountry "BOT"]

1. e4 Nf6 2. e5 Nd5 3. d4 d6 4. Nf3 Bg4 5. Be2 e6 6. O-O Be7 7. c4 Nb6 8. exd6
cxd6 9. Nc3 O-O 10. Be3 N8d7 11. b3 Rc8 12. h3 Bh5 13. Rc1 Nf6 14. Re1 a6 15.
Nh2 Bxe2 16. Qxe2 Nbd7 17. Nf1 Qa5 18. Bd2 Qh5 19. Nd5 Bd8 20. Nxf6+ Nxf6 21.
Qxh5 Nxh5 22. g4 Nf6 23. Bb4 Be7 24. Ng3 Rfe8 25. f4 h6 26. f5 Bf8 27. Kf2 exf5
28. Nxf5 g6 29. Ng3 Re6 30. Rxe6 fxe6 31. Ke2 Kf7 32. Kd3 Kg7 33. Re1 Kf7 34.
Bd2 g5 1/2-1/2

[Event "Zone 4.3 Championships 2013"]
[Site "Oasis Motel, Gaborone"]
[Date "2013.05.02"]
[Round "2"]
[Board "1"]
[White "Oatlhotse, Providence"]
[Black "Bwalya, Gillian"]
[Result "0-1"]
[WhiteElo "2226"]
[BlackElo "2315"]
[PlyCount "108"]
[EventDate "2013.05.01"]
[EventRounds "9"]
[EventCountry "BOT"]

1. d4 Nf6 2. c4 g6 3. Nc3 d5 4. cxd5 Nxd5 5. e4 Nxc3 6. bxc3 Bg7 7. Bb5+ c6 8.
Bc4 O-O 9. Ne2 c5 10. O-O Nc6 11. Be3 Qa5 12. Rb1 a6 13. Qc1 Rd8 14. Rd1 e6 15.
Bg5 Re8 16. e5 b5 17. Bd3 Bb7 18. Be4 Rab8 19. Ng3 Qxa2 20. Qf4 cxd4 21. cxd4
Ne7 22. Ra1 Qb3 23. Bxb7 Rxb7 24. Ne4 Nd5 25. Qh4 Ra7 26. Rdb1 Qd3 27. Rd1 Qe2
28. Rd2 Qh5 29. Qxh5 gxh5 30. Rda2 Rea8 31. Bd2 b4 32. Nc5 a5 33. Kf1 Bf8 34.
Na4 Rc8 35. Ke2 h6 36. Rb2 Kh7 37. Kd3 Rac7 38. g3 Be7 39. Rf1 Rd8 40. Ra1 Kg6
41. Rb3 Rcd7 42. Ke2 Nc7 43. Nb6 Rxd4 44. Be3 Nb5 45. Rxa5 Nc3+ 46. Rxc3 bxc3
47. Bxd4 Rxd4 48. Ra2 Bd8 49. Na8 Rd5 50. f4 Ra5 51. Rc2 Rxa8 52. Rxc3 Ra2+ 53.
Kf3 Rxh2 54. Rb3 Ba5 0-1

[Event "Zone 4.3 Championships 2013"]
[Site "Oasis Motel, Gaborone"]
[Date "2013.05.02"]
[Round "2"]
[Board "2"]
[White "Tangani, Goabaone"]
[Black "Makoto, Rodwell"]
[Result "0-1"]
[WhiteElo "1985"]
[BlackElo "2302"]
[PlyCount "81"]
[EventDate "2013.05.01"]
[EventRounds "9"]
[EventCountry "BOT"]

1. e4 e5 2. Nf3 Nc6 3. Bb5 a6 4. Ba4 Nf6 5. d3 b5 6. Bb3 Bc5 7. O-O d6 8. c3
Bb6 9. a4 Rb8 10. Re1 O-O 11. Nbd2 Ng4 12. Re2 Ne7 13. h3 Nf6 14. Nf1 Nh5 15.
d4 Ng6 16. dxe5 dxe5 17. Bxf7+ Kxf7 18. Ng5+ Kg8 19. Qb3+ Kh8 20. a5 Bc5 21.
Nf7+ Rxf7 22. Qxf7 Qe7 23. Qf3 Nhf4 24. Bxf4 Nxf4 25. Rd2 Be6 26. Rad1 Rf8 27.
Qg3 h5 28. Kh1 b4 29. Qf3 Qg5 30. Ne3 g6 31. Ng4 Nxh3 32. Rd8 Rxd8 33. Rxd8+
Qxd8 34. gxh3 Qg5 35. Ne3 Qf4 36. Qd1 Qxe4+ 37. Kh2 Bd6 38. Ng2 Qf5 39. Qg4 e4+
40. Kg1 Qxg4 41. hxg4 0-1

[Event "Zone 4.3 Championships 2013"]
[Site "Oasis Motel, Gaborone"]
[Date "2013.05.02"]
[Round "2"]
[Board "4"]
[White "Chaka, Jona"]
[Black "Solomons, Deon"]
[Result "0-1"]
[WhiteElo "2156"]
[BlackElo "2169"]
[PlyCount "111"]
[EventDate "2013.05.01"]
[EventRounds "9"]
[EventCountry "BOT"]

1. d4 Nf6 2. Nf3 g6 3. c4 Bg7 4. Nc3 O-O 5. e4 d6 6. Be2 Nbd7 7. O-O e5 8. dxe5
dxe5 9. Qc2 c6 10. Rd1 Qc7 11. b3 Re8 12. a4 Bf8 13. h3 a5 14. Be3 Nc5 15. Bf1
Nfd7 16. Ne1 Ne6 17. Rab1 Ndc5 18. Nd3 Nd4 19. Qa2 Nce6 20. Ne2 Rd8 21. Qb2 Bg7
22. Qd2 Qe7 23. Bxd4 Nxd4 24. Nxd4 Rxd4 25. Qe3 c5 26. Rb2 Bd7 27. Rbd2 Bc6 28.
f3 Rad8 29. Ne1 Qh4 30. Rd3 Bh6 31. Qf2 Qg5 32. Nc2 Rxd3 33. Bxd3 b6 34. Kf1
Qf6 35. Ne3 Bxe3 36. Qxe3 Rd4 37. Bc2 Qd6 38. Rd3 Kg7 39. Ke2 h6 40. Bb1 Qf6
41. Bc2 Qh4 42. Kd2 Qg3 43. Qe2 Qf4+ 44. Kd1 Qh2 45. Kc1 Bd7 46. Qd2 Be6 47.
Rxd4 exd4 48. f4 Qg3 49. f5 Bd7 50. fxg6 fxg6 51. Qe2 Kf6 52. Qf1+ Ke5 53. Kb1
Qf4 54. Qg1 Bc6 55. g3 Qf3 56. g4 0-1

[Event "Zone 4.3 Championships 2013"]
[Site "Oasis Motel, Gaborone"]
[Date "2013.05.02"]
[Round "2"]
[Board "5"]
[White "Klaasen, Calvin Jong"]
[Black "Gumpo, Thabo"]
[Result "1-0"]
[WhiteElo "2131"]
[BlackElo "1999"]
[PlyCount "113"]
[EventDate "2013.05.01"]
[EventRounds "9"]
[EventCountry "BOT"]

1. e4 c5 2. Nf3 Nc6 3. Nc3 g6 4. d4 cxd4 5. Nxd4 Bg7 6. Be3 Nf6 7. Bc4 O-O 8.
Bb3 Ng4 9. Qxg4 Nxd4 10. Qd1 Nc6 11. Qd2 d6 12. Bh6 Qa5 13. O-O-O Nd4 14. Bxg7
Nxb3+ 15. cxb3 Kxg7 16. Qd4+ f6 17. Kb1 Be6 18. Nd5 Bxd5 19. exd5 Qc5 20. Qe4
Rf7 21. f4 f5 22. Qd3 a5 23. Rc1 Qb6 24. Rc4 Qf2 25. g3 b5 26. Rc7 Qb6 27. Rc6
Qb8 28. Qd4+ Kg8 29. Rhc1 b4 30. R1c4 Qf8 31. h4 h5 32. Qe3 Kg7 33. Rc7 Qe8 34.
Qe6 a4 35. Rxb4 axb3 36. axb3 Rb8 37. Rbb7 Rxb7 38. Rxb7 Kh7 39. Rc7 Kg7 40.
Rb7 Kh7 41. b4 Rg7 42. Qd7 Qf7 43. Qe6 Qe8 44. b3 Kh6 45. Kb2 Qh8 46. Kb1 Qa8
47. Qd7 Rh7 48. Qc6 Qh8 49. Qc4 Rf7 50. Rc7 Rf8 51. Qc3 Qh7 52. b5 Qf7 53. Qd4
Rb8 54. b6 Qf6 55. Qxf6 exf6 56. b7 g5 57. Kc2 1-0

[Event "Zone 4.3 Championships 2013"]
[Site "Oasis Motel, Gaborone"]
[Date "2013.05.02"]
[Round "2"]
[Board "6"]
[White "Olebile, Thato"]
[Black "Njobvu, Ignatius"]
[Result "1/2-1/2"]
[WhiteElo "2046"]
[BlackElo "2226"]
[PlyCount "85"]
[EventDate "2013.05.01"]
[EventRounds "9"]
[EventCountry "BOT"]

1. d4 d5 2. c4 e6 3. Nc3 c6 4. cxd5 exd5 5. Nf3 Bf5 6. Bf4 Qb6 7. Qc1 Nf6 8. e3
Be7 9. Be2 O-O 10. O-O Nbd7 11. a3 a5 12. Qd2 Ne4 13. Nxe4 Bxe4 14. Rac1 Nf6
15. Ne5 Rfe8 16. f3 Bf5 17. Bg3 Bf8 18. Bf2 h5 19. Rc3 Bd6 20. Bg3 Re6 21. Bd3
Bxd3 22. Nxd3 Bxg3 23. hxg3 Nd7 24. Kf2 g6 25. Nf4 Rf6 26. Qc2 Qd8 27. Rb3 Ra7
28. Rh1 Qe7 29. Rd3 Rf5 30. Rdd1 Nf6 31. Rh3 Ra6 32. Re1 Rb6 33. Kg1 Qd6 34.
Qf2 Qd8 35. g4 hxg4 36. Rh1 gxf3 37. gxf3 Nh5 38. Nxh5 Rxh5 39. Rxh5 gxh5 40.
Qg3+ Kh7 41. Qf4 c5 42. Qxf7+ Kh6 43. Qf4+ 1/2-1/2

[Event "Zone 4.3 Championships 2013"]
[Site "Oasis Motel, Gaborone"]
[Date "2013.05.02"]
[Round "3"]
[Board "1"]
[White "Bwalya, Gillian"]
[Black "Makoto, Rodwell"]
[Result "1-0"]
[WhiteElo "2315"]
[BlackElo "2302"]
[PlyCount "103"]
[EventDate "2013.05.01"]
[EventRounds "9"]
[EventCountry "BOT"]

1. d4 Nf6 2. c4 e6 3. Nf3 d5 4. Nc3 Bb4 5. e3 O-O 6. Bd3 Nc6 7. O-O Re8 8. Qb3
dxc4 9. Bxc4 Bd6 10. Qc2 e5 11. Ng5 Rf8 12. Nd5 g6 13. Nxf6+ Qxf6 14. Ne4 Qf5
15. d5 Nb4 16. Qb1 a5 17. a3 Na6 18. b4 Be7 19. Bd2 b5 20. Bxb5 Rb8 21. Bxa6
Bxa6 22. Rc1 Bb7 23. Rxc7 Bd8 24. Rc1 Bxd5 25. Nc3 Qd7 26. Nxd5 Qxd5 27. Bc3
Be7 28. Qb2 axb4 29. axb4 Rb5 30. Ra5 Rfb8 31. Rxb5 Rxb5 32. h3 f6 33. Ra1 Qc4
34. Ra8+ Kf7 35. Ra7 h5 36. Qa3 Qc6 37. Qa4 h4 38. Be1 Rb6 39. b5 Qxb5 40. Qxh4
Rb7 41. Qh7+ Ke6 42. Qg8+ Kd7 43. Rxb7+ Qxb7 44. Qxg6 Qb2 45. Kh2 Ke6 46. Qg8+
Kd7 47. Qd5+ Bd6 48. f3 Ke7 49. Bh4 Qa3 50. e4 Bc7 51. Qg8 Qd6 52. Qg7+ 1-0

[Event "Zone 4.3 Championships 2013"]
[Site "Oasis Motel, Gaborone"]
[Date "2013.05.02"]
[Round "3"]
[Board "2"]
[White "Solomons, Deon"]
[Black "Klaasen, Calvin Jong"]
[Result "1/2-1/2"]
[WhiteElo "2169"]
[BlackElo "2131"]
[PlyCount "63"]
[EventDate "2013.05.01"]
[EventRounds "9"]
[EventCountry "BOT"]

1. Nf3 Nf6 2. g3 d5 3. Bg2 g6 4. O-O Bg7 5. d3 O-O 6. Nbd2 Nc6 7. c3 e5 8. Qc2
a5 9. a4 Re8 10. e4 h6 11. Re1 Be6 12. Rb1 dxe4 13. dxe4 Nd7 14. Bf1 Qf6 15.
Kg2 Bf8 16. Nc4 Kg7 17. Ng1 Rad8 18. Be3 Bc5 19. Rbd1 Bxe3 20. Nxe3 Nc5 21. Nd5
Bxd5 22. exd5 Ne7 23. b4 Na6 24. Bb5 Rf8 25. Qe4 axb4 26. cxb4 c6 27. dxc6 Rxd1
28. Rxd1 Nxc6 29. Bxa6 bxa6 30. Rd5 Rb8 31. b5 axb5 32. axb5 1/2-1/2

[Event "Zone 4.3 Championships 2013"]
[Site "Oasis Motel, Gaborone"]
[Date "2013.05.02"]
[Round "3"]
[Board "4"]
[White "Chaka, Jona"]
[Black "Tangani, Goabaone"]
[Result "1-0"]
[WhiteElo "2156"]
[BlackElo "1985"]
[PlyCount "68"]
[EventDate "2013.05.01"]
[EventRounds "9"]
[EventCountry "BOT"]

1. c4 Nf6 2. Nf3 g6 3. e3 Bg7 4. Be2 O-O 5. Nc3 d6 6. O-O e5 7. d3 h6 8. Qc2
Nc6 9. a3 Nh7 10. Rb1 f5 11. b4 g5 12. Ne1 f4 13. Nd5 Nf6 14. Bb2 Be6 15. Nxf6+
Bxf6 16. d4 Ne7 17. dxe5 dxe5 18. Rd1 Qe8 19. exf4 exf4 20. Bf3 Bxb2 21. Qxb2
Bxc4 22. Nd3 Rd8 23. Qc3 Bxd3 24. Rxd3 Rxd3 25. Qxd3 c6 26. Re1 Qf7 27. Bg4 Nf5
28. Re5 Ng7 29. Bd1 Qf6 30. Bb3+ Kh8 31. Bc2 Kg8 32. Qh7+ Kf7 33. Rf5 Qxf5 34.
Bxf5 Rd8 1-0

[Event "Zone 4.3 Championships 2013"]
[Site "Oasis Motel, Gaborone"]
[Date "2013.05.03"]
[Round "4"]
[Board "3"]
[White "Njobvu, Ignatius"]
[Black "Solomons, Deon"]
[Result "0-1"]
[WhiteElo "2226"]
[BlackElo "2169"]
[PlyCount "112"]
[EventDate "2013.05.01"]
[EventRounds "9"]
[EventCountry "BOT"]

1. d4 Nf6 2. c4 g6 3. Nc3 Bg7 4. e4 d6 5. f3 Nbd7 6. Be3 O-O 7. Qd2 c5 8. Nge2
a6 9. d5 Ne5 10. Nc1 e6 11. Be2 exd5 12. exd5 Re8 13. O-O h5 14. Bg5 Qc7 15.
Qf4 Nh7 16. Bh6 Bxh6 17. Qxh6 Qe7 18. Nb3 Bf5 19. Rae1 Qh4 20. g3 Qf6 21. Ne4
Bxe4 22. fxe4 Qg5 23. Qxg5 Nxg5 24. Nd2 Kg7 25. Kg2 Re7 26. Rf4 b5 27. b3 bxc4
28. Bxc4 a5 29. Bb5 Rb8 30. a4 f6 31. Re3 Rbb7 32. Re2 Rf7 33. Re3 Rbe7 34. Re2
Nh7 35. Kf1 Nf8 36. Kg2 Nfd7 37. h3 Nb6 38. Rf1 f5 39. exf5 gxf5 40. Nc4 Nexc4
41. Rxe7 Rxe7 42. bxc4 Kg6 43. Kf2 Kg5 44. Re1 Rxe1 45. Kxe1 f4 46. Kf2 fxg3+
47. Kxg3 h4+ 48. Kf3 Kf5 49. Ke3 Ke5 50. Kf3 Kd4 51. Kg4 Nxc4 52. Kxh4 Ne5 53.
Kg3 c4 54. Kf2 Nd3+ 55. Kf1 c3 56. Ke2 c2 0-1

[Event "Zone 4.3 Championships 2013"]
[Site "Oasis Motel, Gaborone"]
[Date "2013.05.03"]
[Round "4"]
[Board "4"]
[White "Oatlhotse, Providence"]
[Black "Chaka, Jona"]
[Result "1/2-1/2"]
[WhiteElo "2226"]
[BlackElo "2156"]
[PlyCount "64"]
[EventDate "2013.05.01"]
[EventRounds "9"]
[EventCountry "BOT"]

1. c4 Nf6 2. Nc3 d5 3. d4 e6 4. Nf3 Be7 5. Bg5 O-O 6. e3 b6 7. Bd3 Bb7 8. O-O
Nbd7 9. Rc1 c5 10. Qe2 Rc8 11. cxd5 Nxd5 12. Bxe7 Qxe7 13. Ba6 Nxc3 14. Rxc3
cxd4 15. Rxc8 Bxc8 16. Nxd4 Bxa6 17. Qxa6 Nc5 18. Qc4 e5 19. Nf5 Qf6 20. e4 g6
21. Ne3 Rd8 22. Nd5 Qd6 23. f3 Kg7 24. b4 Ne6 25. g3 Nd4 26. Kg2 b5 27. Qc3 Qa6
28. Qc7 Rxd5 29. exd5 Qxa2+ 30. Rf2 Qxd5 31. Qc5 Qxc5 32. bxc5 a5 1/2-1/2

[Event "Zone 4.3 Championships 2013"]
[Site "Oasis Motel, Gaborone"]
[Date "2013.05.03"]
[Round "4"]
[Board "5"]
[White "Tangani, Goabaone"]
[Black "Gumpo, Thabo"]
[Result "1-0"]
[WhiteElo "1985"]
[BlackElo "1999"]
[PlyCount "79"]
[EventDate "2013.05.01"]
[EventRounds "9"]
[EventCountry "BOT"]

1. e4 c5 2. Nf3 Nc6 3. d4 cxd4 4. Nxd4 Nf6 5. Nc3 g6 6. Be3 Bg7 7. Bc4 O-O 8.
Bb3 a5 9. O-O a4 10. Nxa4 Nxe4 11. Nb5 Ra6 12. c4 d6 13. Qe2 Nf6 14. f3 Be6 15.
Rfd1 Na5 16. Nc5 Nxb3 17. Nxe6 fxe6 18. axb3 Rxa1 19. Rxa1 Nd7 20. Bd4 e5 21.
Bf2 Qc8 22. Nc3 Kh8 23. Ne4 Nf6 24. Nxf6 exf6 25. Qd3 Qc6 26. b4 f5 27. b5 Qc7
28. Qd5 Qe7 29. Ra7 Rb8 30. c5 dxc5 31. Bxc5 Qc7 32. b6 Qc8 33. b4 h5 34. Qd6
Kh7 35. Qc7 Qg8 36. Rxb7 Rd8 37. Qf7 Qh8 38. Rd7 Rb8 39. b7 e4 40. Bd4 1-0

[Event "Zone 4.3 Championships 2013"]
[Site "Oasis Motel, Gaborone"]
[Date "2013.05.05"]
[Round "5"]
[Board "1"]
[White "Bwalya, Gillian"]
[Black "Solomons, Deon"]
[Result "1-0"]
[WhiteElo "2315"]
[BlackElo "2169"]
[PlyCount "97"]
[EventDate "2013.05.01"]
[EventRounds "9"]
[EventCountry "BOT"]

1. e4 d6 2. d4 Nf6 3. Nc3 g6 4. Nf3 a6 5. h3 Bg7 6. Bg5 O-O 7. a4 c6 8. Be2 Qa5
9. O-O e5 10. dxe5 dxe5 11. Qd6 Ne8 12. Qa3 Nf6 13. Bc4 Nbd7 14. Rfd1 h6 15.
Be3 c5 16. Nd5 Re8 17. Nd2 Nxd5 18. Bxd5 Qc7 19. Nc4 Bf8 20. Qb3 Nf6 21. Nb6
Rb8 22. a5 Nxd5 23. exd5 Qd6 24. Ra4 Qf6 25. Rc4 Bf5 26. Bxc5 Bg7 27. Qa3 Rbd8
28. Qe3 h5 29. c3 Kh7 30. Qe2 Bh6 31. Be3 Bf8 32. Rc7 Bd6 33. Rxb7 Rb8 34. Rxb8
Rxb8 35. Nc4 Bf8 36. b4 Rc8 37. d6 Be6 38. Bc5 e4 39. Nb6 Rd8 40. Rd4 Qg5 41.
Qe3 Qf6 42. Qxe4 Bg7 43. h4 Bg4 44. Qe7 Qf5 45. Qxd8 Be5 46. f4 Bf6 47. Qe8
Qb1+ 48. Kh2 Be5 49. Nd7 1-0

[Event "Zone 4.3 Championships 2013"]
[Site "Oasis Motel, Gaborone"]
[Date "2013.05.05"]
[Round "5"]
[Board "3"]
[White "Chaka, Jona"]
[Black "Makoto, Rodwell"]
[Result "0-1"]
[WhiteElo "2156"]
[BlackElo "2302"]
[PlyCount "38"]
[EventDate "2013.05.01"]
[EventRounds "9"]
[EventCountry "BOT"]

1. e4 e5 2. Nf3 Nc6 3. Bc4 Bc5 4. O-O d6 5. c3 Nf6 6. d3 Bb6 7. b4 Ne7 8. Bg5
Ng6 9. Nbd2 c6 10. a4 h6 11. Bxf6 Qxf6 12. a5 Bc7 13. Re1 Nf4 14. Nf1 O-O 15.
Ne3 Be6 16. d4 Qg6 17. h4 Nh3+ 18. Kf1 Qxe4 19. Bxe6 fxe6 0-1

[Event "Zone 4.3 Championships 2013"]
[Site "Oasis Motel, Gaborone"]
[Date "2013.05.05"]
[Round "5"]
[Board "4"]
[White "Tangani, Goabaone"]
[Black "Oatlhotse, Providence"]
[Result "0-1"]
[WhiteElo "1985"]
[BlackElo "2226"]
[PlyCount "156"]
[EventDate "2013.05.01"]
[EventRounds "9"]
[EventCountry "BOT"]

1. e4 c5 2. Nf3 Nf6 3. Nc3 d6 4. d4 cxd4 5. Nxd4 a6 6. Bc4 e6 7. O-O Bd7 8. Re1
Be7 9. Bb3 Nc6 10. Re3 Qb6 11. Nxc6 Bxc6 12. Re1 Qc7 13. Qe2 O-O 14. Bf4 Rfe8
15. e5 dxe5 16. Bxe5 Qc8 17. Na4 Nd7 18. Rad1 Bxa4 19. Bxa4 b5 20. Bb3 Nxe5 21.
Qxe5 Bf6 22. Qe4 Bxb2 23. c4 bxc4 24. Qxc4 Qxc4 25. Bxc4 Rec8 26. Bb3 a5 27.
Re4 Rd8 28. Rxd8+ Rxd8 29. Kf1 Bc3 30. Bc4 Kf8 31. Bb5 Rd2 32. a4 e5 33. g4
Rd1+ 34. Kg2 Bd4 35. h4 Ke7 36. Re2 Rc1 37. Kf3 Rc3+ 38. Ke4 Kd6 39. f4 f6 40.
g5 Rh3 41. Rc2 Re3+ 42. Kf5 Rf3 43. Rc6+ Kd5 44. gxf6 Rxf4+ 45. Kg5 h6+ 46. Kg6
gxf6 47. Rxf6 Rxh4 48. Bc6+ Kc4 49. Bb5+ Kb4 50. Rc6 Kb3 51. Kf5 Bb2 52. Rg6
Rf4+ 53. Ke6 h5 54. Rf6 Rxf6+ 55. Kxf6 h4 56. Kf5 h3 57. Kg4 h2 58. Bc6 Bc1 59.
Kg3 Bf4+ 60. Kf2 Kc3 61. Ke2 Kd4 62. Bh1 e4 63. Bg2 Bd6 64. Bh1 Bf4 65. Bg2 e3
66. Bh1 Kc4 67. Bg2 Kb4 68. Bc6 h1=Q 69. Bxh1 Kxa4 70. Kd3 Kb4 71. Bf3 a4 72.
Kc2 a3 73. Be2 Be5 74. Kb1 Kb3 75. Bd1+ Kc3 76. Ka2 Kd2 77. Bh5 Bd6 78. Bg6 e2
0-1

[Event "Zone 4.3 Championships 2013"]
[Site "Oasis Motel, Gaborone"]
[Date "2013.05.05"]
[Round "5"]
[Board "5"]
[White "Klaasen, Calvin Jong"]
[Black "Njobvu, Ignatius"]
[Result "0-1"]
[WhiteElo "2131"]
[BlackElo "2226"]
[PlyCount "132"]
[EventDate "2013.05.01"]
[EventRounds "9"]
[EventCountry "BOT"]

1. e4 Nf6 2. e5 Nd5 3. d4 e6 4. Nf3 d6 5. Be2 c5 6. c4 Nb6 7. Bg5 Be7 8. Bxe7
Qxe7 9. exd6 Qxd6 10. Nc3 cxd4 11. Qxd4 Qxd4 12. Nxd4 a6 13. O-O N8d7 14. b4
Nf6 15. Nb3 Rb8 16. Na5 Nbd7 17. Rfd1 Ne5 18. c5 Bd7 19. a3 Ke7 20. Rd6 Nc6 21.
Nc4 Rhd8 22. Rad1 Be8 23. Bf3 Rdc8 24. Kf1 Rc7 25. h4 Na7 26. Ke1 Bc6 27. Bxc6
bxc6 28. Na5 Rbc8 29. R6d3 Nd5 30. Nxd5+ cxd5 31. Kd2 h6 32. f4 Kf6 33. Rc1 Nc6
34. Nxc6 Rxc6 35. Kc3 Kf5 36. g3 f6 37. Kd4 R6c7 38. Rb3 Rd8 39. Rf1 Kg4 40.
Re1 Kf5 41. a4 Rdc8 42. Rc1 e5+ 43. fxe5 fxe5+ 44. Kxd5 Rd8+ 45. Kc4 Rd4+ 46.
Kc3 a5 47. Rbb1 Ke6 48. Kc2 axb4 49. Kb3 Kd5 50. a5 Rxc5 51. a6 Kc6 52. a7 Rd8
53. Rxc5+ Kxc5 54. Ra1 Ra8 55. Ra5+ Kd4 56. Kxb4 e4 57. Kb5 e3 58. Kb6 e2 59.
Ra1 Ke3 60. Kb7 Rxa7+ 61. Kxa7 Kf2 62. Kb6 e1=Q 63. Rxe1 Kxe1 64. Kc5 Kf2 65.
g4 Kg3 66. g5 Kxh4 0-1

[Event "Zone 4.3 Championships 2013"]
[Site "Oasis Motel, Gaborone"]
[Date "2013.05.06"]
[Round "6"]
[Board "2"]
[White "Makoto, Rodwell"]
[Black "Oatlhotse, Providence"]
[Result "1-0"]
[WhiteElo "2302"]
[BlackElo "2226"]
[PlyCount "75"]
[EventDate "2013.05.01"]
[EventRounds "9"]
[EventCountry "BOT"]

1. d4 c5 2. d5 Nf6 3. Nc3 g6 4. e4 d6 5. Nf3 Bg4 6. h3 Bxf3 7. Qxf3 Bg7 8. Bb5+
Nfd7 9. a4 O-O 10. O-O Na6 11. Re1 Nc7 12. Bf1 a6 13. Qg3 Rb8 14. a5 b5 15.
axb6 Rxb6 16. f4 f6 17. Na4 Rb7 18. c4 Nb6 19. Nc3 Nd7 20. h4 Kh8 21. Nd1 Nb8
22. Ra3 e6 23. f5 gxf5 24. exf5 exd5 25. Bf4 Rb6 26. Nc3 Rg8 27. Nxd5 Nxd5 28.
cxd5 Rxb2 29. Re6 Rb6 30. Rae3 Nd7 31. Rb3 Bh6 32. Bxh6 c4 33. Bxc4 Qc8 34. Qe3
Qxc4 35. Rxb6 Nxb6 36. Qxb6 Qxd5 37. Qb2 Qxf5 38. Rxf6 1-0

[Event "Zone 4.3 Championships 2013"]
[Site "Oasis Motel, Gaborone"]
[Date "2013.05.06"]
[Round "6"]
[Board "3"]
[White "Solomons, Deon"]
[Black "Tangani, Goabaone"]
[Result "1-0"]
[WhiteElo "2169"]
[BlackElo "1985"]
[PlyCount "83"]
[EventDate "2013.05.01"]
[EventRounds "9"]
[EventCountry "BOT"]

1. Nf3 Nf6 2. g3 g6 3. Bg2 Bg7 4. O-O O-O 5. d3 c5 6. e4 d6 7. Re1 Nc6 8. Nbd2
Rb8 9. a4 a6 10. c3 b5 11. axb5 axb5 12. d4 Nd7 13. Nb3 b4 14. c4 cxd4 15.
Nfxd4 Nce5 16. Na5 Bb7 17. Be3 Qc7 18. Nb5 Qc8 19. Ba7 Ra8 20. Rc1 Nc5 21. Bxc5
dxc5 22. Nxb7 Qxb7 23. Qb3 Rad8 24. Red1 Qb6 25. f4 Nc6 26. e5 Nd4 27. Nxd4
Rxd4 28. Rxd4 cxd4 29. c5 Qa5 30. c6 e6 31. Qc4 Qc7 32. Qxb4 d3 33. Kh1 Rb8 34.
Qd6 Rc8 35. Qxc7 Rxc7 36. Rd1 f6 37. Rxd3 fxe5 38. Rd7 Rxd7 39. cxd7 Bf6 40.
fxe5 Bd8 41. Bc6 Kf7 42. Kg2 1-0

[Event "Zone 4.3 Championships 2013"]
[Site "Oasis Motel, Gaborone"]
[Date "2013.05.06"]
[Round "6"]
[Board "5"]
[White "Olebile, Thato"]
[Black "Klaasen, Calvin Jong"]
[Result "1-0"]
[WhiteElo "2046"]
[BlackElo "2131"]
[PlyCount "101"]
[EventDate "2013.05.01"]
[EventRounds "9"]
[EventCountry "BOT"]

1. d4 Nf6 2. Bg5 e6 3. e4 h6 4. Bxf6 Qxf6 5. c3 d6 6. Nf3 Nd7 7. Nbd2 g5 8. h3
Bg7 9. Bd3 e5 10. Nf1 Nf8 11. Ne3 c6 12. d5 Ng6 13. g3 O-O 14. Nh2 Ne7 15. h4
Qg6 16. hxg5 hxg5 17. Nhf1 cxd5 18. exd5 e4 19. Bc2 f5 20. Qe2 g4 21. Ng2 Qg5
22. Nf4 Ng6 23. Nxg6 Qxg6 24. Ne3 Bd7 25. Ng2 Bh6 26. Rh2 Kf7 27. Qc4 Rac8 28.
Qb4 b6 29. Ke2 f4 30. Nxf4 Bxf4 31. gxf4 g3 32. Rg2 Qg4+ 33. Kf1 Rh8 34. Rxg3
Qf3 35. Rxf3 exf3 36. Ke1 Rce8+ 37. Kd2 Re2+ 38. Kc1 Rh1+ 39. Bd1 Bf5 40. Qa4
Rxf2 41. b4 Kf6 42. Rb1 Rff1 43. Rb2 f2 44. Rd2 Bg4 45. Kb2 Bxd1 46. Qd7 Bg4
47. Qxd6+ Kf7 48. Ka3 Rh3 49. Qe5 Rc1 50. Rxf2 Rcxc3+ 51. Kb2 1-0

[Event "Zone 4.3 Championships 2013"]
[Site "Oasis Motel, Gaborone"]
[Date "2013.05.07"]
[Round "7"]
[Board "1"]
[White "Olebile, Thato"]
[Black "Bwalya, Gillian"]
[Result "0-1"]
[WhiteElo "2046"]
[BlackElo "2315"]
[PlyCount "82"]
[EventDate "2013.05.01"]
[EventRounds "9"]
[EventCountry "BOT"]

1. d4 Nf6 2. Bg5 Ne4 3. Bf4 d5 4. Nf3 c5 5. e3 Qb6 6. Qc1 Nc6 7. dxc5 Qxc5 8.
Nbd2 Bg4 9. c3 f6 10. Nd4 Bd7 11. N4b3 Qb6 12. Nxe4 dxe4 13. Nd2 e5 14. Bg3 f5
15. Be2 Be7 16. O-O O-O 17. Rd1 Qc7 18. h3 Kh8 19. f4 exf4 20. Bxf4 Qc8 21. Nc4
Be8 22. Nd6 Qe6 23. Bc4 Qf6 24. Nxe8 Raxe8 25. Rd7 Ne5 26. Bxe5 Qxe5 27. Qd2
Bc5 28. Kh1 Qg3 29. Re1 f4 30. exf4 e3 31. Qd1 Rxf4 32. Bd5 h6 33. b4 Bb6 34.
Bxb7 Rh4 35. Re2 Bc7 36. Rxc7 Qxc7 37. Qe1 Rc4 38. Bf3 Rxc3 39. Qh4 Rc1+ 40.
Re1 Qe7 41. Qg3 Qe5 0-1

[Event "Zone 4.3 Championships 2013"]
[Site "Oasis Motel, Gaborone"]
[Date "2013.05.07"]
[Round "7"]
[Board "4"]
[White "Oatlhotse, Providence"]
[Black "Gumpo, Thabo"]
[Result "1-0"]
[WhiteElo "2226"]
[BlackElo "1999"]
[PlyCount "65"]
[EventDate "2013.05.01"]
[EventRounds "9"]
[EventCountry "BOT"]

1. e4 c5 2. Nf3 e6 3. d4 cxd4 4. Nxd4 Nf6 5. Bd3 Nc6 6. Be3 d5 7. Nc3 Bb4 8.
exd5 Nxd5 9. Nxc6 bxc6 10. Bd2 Be7 11. Qg4 Bf6 12. O-O O-O 13. Rad1 Qe7 14. Qh3
g6 15. Ne4 Bg7 16. Ng5 h6 17. Ne4 e5 18. Qg3 Kh7 19. c4 Nc7 20. c5 f5 21. Nd6
Be6 22. Bb1 Nd5 23. Rfe1 Rab8 24. Qa3 e4 25. b4 Be5 26. Nc4 Bg7 27. Na5 Qc7 28.
Bc2 Be5 29. Qh3 Nf4 30. Bxf4 Bxf4 31. a3 Rbd8 32. Bxe4 Bd5 33. Bxd5 1-0